Spell the Marvel Character #157 - Statistics

General Stats
  • This quiz has been taken 14 times
  • The average score is 9 of 11
Answer Stats
Picture Answer % Correct
Nick Fury
100%
America Chavez
91%
American Dream
91%
Cloak
91%
Echo
91%
Okoye
91%
Rage
82%
Dagger
73%
Commander A
55%
Manifold
55%
Martinex
55%
No matching quizzes found
Score Distribution
Percent of People with Each Score
Percentile by Number Answered
Your Score History
You have not taken this quiz